000 00523nam a22001817a 4500
003 OSt
005 20220107122846.0
008 181130b xxu||||| |||| 00| 0 eng d
020 _a9789386551962
040 _cIIITMK
082 _a332.178 BHA/B
100 _aBhamah, Dipender
_915122
245 _aBlockchain internet of transaction:
_bA handbook for blockchain beginners
_cDipender Bhamah
260 _aNew Delhi,
_bBPB Publications,
_c2018.
300 _aiv, 48p.
700 _aOberoi, Gursimran
_915123
942 _2ddc
_cBK
999 _c6291
_d6291